The right to adequate food in emergencies

Salvato in:
Dettagli Bibliografici
Autore principale: Lorenzo Cotula
Natura: Libro
Lingua:Undetermined
Pubblicazione: Rome, Italy FAO 2003
Soggetti:
Tags: Aggiungi Tag
Nessun Tag, puoi essere il primo ad aggiungerne! !
Thư viện lưu trữ: Trung tâm Học liệu Trường Đại học Cần Thơ
LEADER 00518nam a2200181Ia 4500
001 CTU_55885
008 210402s9999 xx 000 0 und d
082 |a 341.7592 
082 |b C843 
100 |a Lorenzo Cotula 
245 4 |a The right to adequate food in emergencies 
245 0 |c Lorenzo Cotula and Magaret Vidar 
260 |a Rome, Italy 
260 |b FAO 
260 |c 2003 
650 |a food supply,nutrition policy 
650 |x law and legislation 
980 |a Trung tâm Học liệu Trường Đại học Cần Thơ